<?xml version="1.0" encoding="UTF-8"?>
<record
    xmlns:xsi="http://www.w3.org/2001/XMLSchema-instance"
    xsi:schemaLocation="http://www.loc.gov/MARC21/slim http://www.loc.gov/standards/marcxml/schema/MARC21slim.xsd"
    xmlns="http://www.loc.gov/MARC21/slim">

  <leader>01841nas a2200241 a 4500</leader>
  <controlfield tag="005">20250415094420.0</controlfield>
  <controlfield tag="007">ta</controlfield>
  <controlfield tag="008">250129e2016    dr f||p|r||||||0| 0 spa d</controlfield>
  <datafield tag="040" ind1=" " ind2=" ">
    <subfield code="a">DO-SdBNP</subfield>
    <subfield code="c">DO-SdBNP</subfield>
    <subfield code="e">rda</subfield>
  </datafield>
  <datafield tag="041" ind1=" " ind2=" ">
    <subfield code="h">spa</subfield>
  </datafield>
  <datafield tag="110" ind1=" " ind2=" ">
    <subfield code="a">Universidad Aut&#xF3;noma de Santo Domingo (UASD)</subfield>
    <subfield code="9">84760</subfield>
    <subfield code="b">Facultad de Ciencia de la Educaci&#xF3;n (FCE)</subfield>
  </datafield>
  <datafield tag="245" ind1=" " ind2=" ">
    <subfield code="a">Facetas educativas : </subfield>
    <subfield code="b">revista de la Facultad de Ciencias de la Educaci&#xF3;n de la Universidad Aut&#xF3;noma de Santo Domingo UASD /</subfield>
    <subfield code="c">Facultad de Ciencia de la Educaci&#xF3;n (FCE).</subfield>
  </datafield>
  <datafield tag="264" ind1=" " ind2=" ">
    <subfield code="a">Santo Domingo, Rep&#xFA;blica Dominicana : </subfield>
    <subfield code="b">Facultad de Ciencia de la Educaci&#xF3;n (FCE), </subfield>
    <subfield code="c">2016.</subfield>
  </datafield>
  <datafield tag="300" ind1=" " ind2=" ">
    <subfield code="a">volumen : </subfield>
    <subfield code="b">ilustraciones, fotograf&#xED;as, graficas, tablas ; </subfield>
    <subfield code="c">28 cm.</subfield>
  </datafield>
  <datafield tag="310" ind1=" " ind2=" ">
    <subfield code="a">Semestral. </subfield>
  </datafield>
  <datafield tag="336" ind1=" " ind2=" ">
    <subfield code="a">texto</subfield>
    <subfield code="b">txt</subfield>
    <subfield code="2">rdacontent</subfield>
  </datafield>
  <datafield tag="337" ind1=" " ind2=" ">
    <subfield code="a">sin mediaci&#xF3;n </subfield>
    <subfield code="b">n</subfield>
    <subfield code="2">rdamedia</subfield>
  </datafield>
  <datafield tag="338" ind1=" " ind2=" ">
    <subfield code="a">volumen </subfield>
    <subfield code="b">nc</subfield>
    <subfield code="2">rdacarrier</subfield>
  </datafield>
  <datafield tag="362" ind1=" " ind2=" ">
    <subfield code="a">A&#xF1;o 1, N&#xFA;mero 1. Enero-Junio 2016.</subfield>
  </datafield>
  <datafield tag="520" ind1=" " ind2=" ">
    <subfield code="a">Facetas Educativas es una revista de car&#xE1;cter acad&#xE9;mico y cient&#xED;fico de la Facultad de Ciencias de la Educaci&#xF3;n (FCE) de la Universidad Aut&#xF3;noma de Santo Domingo (UASD). Surge en el 2016, como espacio al servicio de la reflexi&#xF3;n cr&#xED;tica en materia educativa, con el prop&#xF3;sito de aportar a la formaci&#xF3;n intelectual de docentes y estudiantes de Educaci&#xF3;n, para la mejora de la calidad educativa y el desarrollo integral sostenible. Desde el a&#xF1;o 2023, el Consejo Editorial de la revista ha adoptado una nueva pol&#xED;tica de difusi&#xF3;n, mediante la cual la ha llevado a ser editada en formato digital en el Open Journal System (OJS). Con esta pol&#xED;tica, Facetas Educativas da un salto cualitativo en su divulgaci&#xF3;n, para estar al servicio de la comunicada acad&#xE9;mica y cient&#xED;fica global.</subfield>
  </datafield>
  <datafield tag="650" ind1=" " ind2="0">
    <subfield code="a">Educaci&#xF3;n superior</subfield>
    <subfield code="9">736</subfield>
    <subfield code="v">Publicaciones peri&#xF3;dicas</subfield>
    <subfield code="z">Rep&#xFA;blica Dominicana</subfield>
  </datafield>
  <datafield tag="942" ind1=" " ind2=" ">
    <subfield code="2">ddc</subfield>
    <subfield code="c">ISSUE</subfield>
  </datafield>
  <datafield tag="952" ind1=" " ind2=" ">
    <subfield code="0">0</subfield>
    <subfield code="1">0</subfield>
    <subfield code="2">ddc</subfield>
    <subfield code="4">0</subfield>
    <subfield code="5">6</subfield>
    <subfield code="7">0</subfield>
    <subfield code="8">SE</subfield>
    <subfield code="a">BNPHU</subfield>
    <subfield code="b">BNPHU</subfield>
    <subfield code="d">2025-01-29</subfield>
    <subfield code="h">A&#xF1;o 1, N&#xFA;mero 1. Enero-Junio 2016</subfield>
    <subfield code="l">0</subfield>
    <subfield code="p">2025-0582</subfield>
    <subfield code="r">2025-01-29</subfield>
    <subfield code="t">e.1</subfield>
    <subfield code="w">2025-01-29</subfield>
    <subfield code="y">ISSUE</subfield>
  </datafield>
  <datafield tag="952" ind1=" " ind2=" ">
    <subfield code="0">0</subfield>
    <subfield code="1">0</subfield>
    <subfield code="2">ddc</subfield>
    <subfield code="4">0</subfield>
    <subfield code="5">6</subfield>
    <subfield code="7">0</subfield>
    <subfield code="8">SE</subfield>
    <subfield code="a">BNPHU</subfield>
    <subfield code="b">BNPHU</subfield>
    <subfield code="d">2025-01-29</subfield>
    <subfield code="h">A&#xF1;o 1, N&#xFA;mero 1. Enero-Junio 2016</subfield>
    <subfield code="l">0</subfield>
    <subfield code="p">2025-0583</subfield>
    <subfield code="r">2025-01-29</subfield>
    <subfield code="t">e.2</subfield>
    <subfield code="w">2025-01-29</subfield>
    <subfield code="y">ISSUE</subfield>
  </datafield>
  <datafield tag="952" ind1=" " ind2=" ">
    <subfield code="0">0</subfield>
    <subfield code="1">0</subfield>
    <subfield code="2">ddc</subfield>
    <subfield code="4">0</subfield>
    <subfield code="5">6</subfield>
    <subfield code="7">0</subfield>
    <subfield code="8">SE</subfield>
    <subfield code="a">BNPHU</subfield>
    <subfield code="b">BNPHU</subfield>
    <subfield code="d">2025-01-29</subfield>
    <subfield code="h">A&#xF1;o 1, N&#xFA;mero 1. Enero-Junio 2016</subfield>
    <subfield code="l">0</subfield>
    <subfield code="p">2025-0584</subfield>
    <subfield code="r">2025-01-29</subfield>
    <subfield code="t">e.3</subfield>
    <subfield code="w">2025-01-29</subfield>
    <subfield code="y">ISSUE</subfield>
  </datafield>
  <datafield tag="999" ind1=" " ind2=" ">
    <subfield code="c">58096</subfield>
    <subfield code="d">58096</subfield>
  </datafield>
</record>
